Ετήσια παρακολούθηση της ποιότητας των αστικών λυμάτων της Μυτιλήνης : πτυχιακή εργασία
Αποθηκεύτηκε σε:
| Κύριος συγγραφέας: | |
|---|---|
| Συγγραφή απο Οργανισμό/Αρχή: | |
| Άλλοι συγγραφείς: | , |
| Μορφή: | Thesis Βιβλίο |
| Γλώσσα: | Greek |
| Δημοσίευση: |
Μυτιλήνη :
Πανεπιστήμιο Αιγαίου, Τμήμα Περιβάλλοντος,
|
| Θέματα: | |
| Διαθέσιμο Online: | http://hdl.handle.net/11610/10025 |
| Ετικέτες: |
Προσθήκη ετικέτας
Δεν υπάρχουν, Καταχωρήστε ετικέτα πρώτοι!
|
MARC
| LEADER | 00000cam a2200000 i 4500 | ||
|---|---|---|---|
| 001 | 1/6407 | ||
| 008 | 000613s1997 gre d | ||
| 035 | |l 10061921 | ||
| 040 | |a GR-MY-UA |b gre |e aacr | ||
| 041 | 0 | |a gre | |
| 082 | 0 | |a 628.3 |2 (22) | |
| 100 | 1 | |a Γαργάλας, Στέργιος. | |
| 245 | 1 | 0 | |a Ετήσια παρακολούθηση της ποιότητας των αστικών λυμάτων της Μυτιλήνης : |b πτυχιακή εργασία / |c Γαργάλας Στέργιος; Μοίρας Νικόλαος ; επιβλέπων καθηγητής: Μ. Ο. Αγγελίδης |
| 260 | |a Μυτιλήνη : |b Πανεπιστήμιο Αιγαίου, Τμήμα Περιβάλλοντος, | ||
| 300 | |a 145 σ. |b πιν., σχ., χάρτης | ||
| 500 | |a Επιτροπή: Πηλίνης, Χριστίνα Γιούργα | ||
| 502 | |a Πτυχιακή εργασία – Πανεπιστήμιο Αιγαίου, Λέσβος, 1997. | ||
| 504 | |a Περιέχει βιβλιογραφία | ||
| 650 | 0 | 0 | |a Sewage |x Analysis. |
| 650 | 0 | 0 | |a Sewerage |x Analysis. |
| 650 | 0 | 0 | |a Sewerage |z Greece |z Mytilene (Lesbos) |
| 650 | 0 | 0 | |a Sewage |z Greece |z Mytilene (Lesbos) |
| 650 | 0 | 0 | |a Dissertations, Academic |z Greece. |
| 700 | 1 | |a Μοίρας, Νικόλαος. | |
| 700 | 1 | |a Αγγελίδης, Μιχάλης. |4 ths | |
| 710 | 2 | |a Πανεπιστήμιο Αιγαίου. |b Σχολή Περιβάλλοντος. |b Τμήμα Περιβάλλοντος. | |
| 852 | |a INST |b LESVOS |c DIATR |e 20000613 |h 391 |p 005100025886 |q 005100025886 |t DIE |y 23 | ||
| 852 | |a INST |b LESVOS |c DIATR |e 20000613 |h 392 |p 005100025973 |q 005100025973 |t DIE |y 23 | ||
| 856 | |u http://hdl.handle.net/11610/10025 | ||
| 901 | |a BIBL1-2000-2 | ||
| 909 | |a Λ |b 080406 | ||
| 909 | |a Λ |b 080407 | ||
| 924 | |a ΓΑΡΓΑΛΑΣ |b ΣΤΕΡΓΙΟΣ |b ΝΙΚΟΛΑΟΣ |y ΛΕΣΒΟΣ |y ΛΕΣΒΟΣ |z 1997 |z 1997 | ||
| 924 | |a ΜΟΙΡΑΣ | ||
| 970 | |a ΑΙΒΑΤΖΙΔΟΥ |b ΕΛΕΝΗ |z 2000/06/13 | ||